| 000 | 00573nam a2200181Ia 4500 | ||
|---|---|---|---|
| 008 | 151202s9999||||xx |||||||||||||| ||und|| | ||
| 082 | _bPNVM-63075 | ||
| 100 | _aहरकारे अरुण. | ||
| 245 | _aकायमचं दुखणं. | ||
| 260 | _b"शिवम प्रकाशन ,पुणे." | ||
| 260 | _c63075 | ||
| 300 | _a160 | ||
| 600 | _aहरकारे अरुण. | ||
| 630 | _aकायमचं दुखणं. | ||
| 700 | _aहरकारे अरुण. | ||
| 730 | _aकायमचं दुखणं. | ||
| 942 | _cBOOK | ||
| 999 |
_c1329609 _d1329606 |
||